Statistics for Countries Name in Swedish

Click here to take the quiz!

General Stats

  • This quiz has been taken 112 times
  • The average score is 14 of 16

Answer Stats

SwedishEnglish% Correct
SverigeSweden
100%
BrasilienBrazil
99%
NorgeNorway
95%
GreklandGreece
94%
StorbritannienUnited Kingdom
91%
KinaChina
90%
KirgizistanKyrgyzstan
89%
ÖsterrikeAustria
88%
Förenade ArabemiratenUnited Arab Emirates
86%
ÖsttimorTimor Leste
83%
TjeckienCzech Republic
81%
UngernHungary
77%
KomorernaComoros
76%
SalomonöarnaSolomon Islands
76%
TysklandGermany
71%
VitrysslandBelarus
60%

Score Distribution

Percentile by Number Answered

Percent of People with Each Score

Your Score History

You have not taken this quiz